书目信息 |
| 题名: |
基层免疫接种培训教程
|
|
| 作者: | 王鸣 , 沈纪川 , 许建雄 主编 | |
| 分册: | ||
| 出版信息: | 广州 中山大学出版社 2019.07 |
|
| 页数: | 281页 | |
| 开本: | 26cm | |
| 丛书名: | ||
| 单 册: | ||
| 中图分类: | R186 | |
| 科图分类: | ||
| 主题词: | 预防接种--yu fang jie zhong--教材 | |
| 电子资源: | ||
| ISBN: | 978-7-306-06636-7 | |
| 000 | 01138nam0 2200277 450 | |
| 001 | 0100015933 | |
| 005 | 20201009150356.0 | |
| 010 | @a978-7-306-06636-7@dCNY75.00 | |
| 100 | @a20190905d2019 em y0chiy50 ea | |
| 101 | 0 | @achi |
| 102 | @aCN@b440000 | |
| 105 | @aak a 000yy | |
| 106 | @ar | |
| 200 | 1 | @a基层免疫接种培训教程@Aji ceng mian yi jie zhong pei xun jiao cheng@f王鸣, 沈纪川, 许建雄主编 |
| 210 | @a广州@c中山大学出版社@d2019.07 | |
| 215 | @a281页@c彩图@d26cm | |
| 314 | @a王鸣, 流行病学主任医师 (二级), 中山大学硕士研究生导师。沈纪川, 传染性疾病控制主任医师, 医学博士。许建雄, 传染性疾病控制主任医师, 现任广州市疾病预防控制中心免疫规划部科长。 | |
| 320 | @a有书目 (第280-281页) | |
| 330 | @a本教材主要面向从事免疫规划工作最前线的免疫接种工作人员, 介绍了疫苗及其免疫机制、免疫预防、细菌类疫苗及其可预防疾病、病毒类疫苗及其可预防疾病、免疫规划监测等。 | |
| 606 | 0 | @a预防接种@Ayu fang jie zhong@j教材 |
| 690 | @aR186@v5 | |
| 701 | 0 | @a王鸣@Awang ming@4主编 |
| 701 | 0 | @a沈纪川@Ashen ji chuan@4主编 |
| 701 | 0 | @a许建雄@Axu jian xiong@4主编 |
| 801 | 0 | @aCN@c20201009 |
| 905 | @a河南城建学院图书馆@dR186@eW282@f2 | |
| 基层免疫接种培训教程/王鸣, 沈纪川, 许建雄主编.-广州:中山大学出版社,2019.07 |
| 281页:彩图;26cm |
| ISBN 978-7-306-06636-7:CNY75.00 |
| 本教材主要面向从事免疫规划工作最前线的免疫接种工作人员, 介绍了疫苗及其免疫机制、免疫预防、细菌类疫苗及其可预防疾病、病毒类疫苗及其可预防疾病、免疫规划监测等。 |
| ● |
| 相关链接 |
|
|
|
正题名:基层免疫接种培训教程
索取号:R186/W282
 
预约/预借
| 序号 | 登录号 | 条形码 | 馆藏地/架位号 | 状态 | 备注 |
| 1 | 1495301 | 214953013 | 自科库401/401自科库 8排2列3层/ [索取号:R186/W282] | 在馆 | |
| 2 | 1495302 | 214953022 | 自科库401/401自科库 8排2列3层/ [索取号:R186/W282] | 在馆 |